[Event "Grand Swiss "]
[Date "2025.09.06"]
[White "Robson, Ray"]
[Black "Hakobyan, Aram"]
[WhiteElo "2674"]
[BlackElo "2625"]
[Round "3.3.45"]
[Result "1/2-1/2"]

1. e4 {[%clk 01:40:57] [%emt 00:00:02]} c5 {[%clk 01:40:50] [%emt 00:00:10]} 2.
Nf3 {[%clk 01:41:10] [%emt 00:00:17]} e6 {[%clk 01:41:18] [%emt 00:00:03]} 3. d4
{[%clk 01:39:49] [%emt 00:01:51]} cxd4 {[%clk 01:41:46] [%emt 00:00:02]} 4. Nxd4
{[%clk 01:40:07] [%emt 00:00:11]} Nf6 {[%clk 01:42:08] [%emt 00:00:08]} 5. Nc3
{[%clk 01:39:43] [%emt 00:00:53]} Nc6 {[%clk 01:42:10] [%emt 00:00:29]} 6. Nxc6
{[%clk 01:37:08] [%emt 00:03:05]} bxc6 {[%clk 01:42:01] [%emt 00:00:39]} 7. e5
{[%clk 01:36:57] [%emt 00:00:41]} Nd5 {[%clk 01:42:24] [%emt 00:00:07]} 8. Ne4
{[%clk 01:37:04] [%emt 00:00:23]} Bb7 {[%clk 01:42:34] [%emt 00:00:20]} 9. c4
{[%clk 01:32:28] [%emt 00:05:06]} Nb4 {[%clk 01:42:07] [%emt 00:00:58]} 10. c5
{[%clk 01:19:18] [%emt 00:13:40]} Qb8 {[%clk 01:41:37] [%emt 00:01:00]} 11. f4
{[%clk 00:59:25] [%emt 00:20:22]} Ba6 {[%clk 01:40:52] [%emt 00:01:15]} 12. a3
{[%clk 00:56:48] [%emt 00:03:08]} Bxf1 {[%clk 01:40:50] [%emt 00:00:32]} 13.
Rxf1 {[%clk 00:56:34] [%emt 00:00:44]} Nd5 {[%clk 01:41:17] [%emt 00:00:03]} 14.
Qc2 {[%clk 00:55:10] [%emt 00:01:54]} Be7 {[%clk 01:37:03] [%emt 00:04:44]} 15.
Bd2 {[%clk 00:54:40] [%emt 00:00:59]} a5 {[%clk 01:32:32] [%emt 00:05:02]} 16.
O-O-O {[%clk 00:54:00] [%emt 00:01:10]} O-O {[%clk 01:21:16] [%emt 00:11:47]}
17. h4 {[%clk 00:38:03] [%emt 00:16:26]} a4 {[%clk 01:04:15] [%emt 00:17:31]}
18. Rf3 {[%clk 00:30:38] [%emt 00:07:54]} Qb5 {[%clk 00:59:44] [%emt 00:05:02]}
19. Be3 {[%clk 00:27:08] [%emt 00:04:00]} f5 {[%clk 00:37:43] [%emt 00:22:31]}
20. exf6 {[%clk 00:26:58] [%emt 00:00:40]} Bxf6 {[%clk 00:38:09] [%emt
00:00:05]} 21. g3 {[%clk 00:26:50] [%emt 00:00:38]} Rab8 {[%clk 00:16:01] [%emt
00:22:39]} 22. Nxf6+ {[%clk 00:25:36] [%emt 00:01:43]} gxf6 {[%clk 00:14:54]
[%emt 00:01:37]} 23. Bd4 {[%clk 00:18:23] [%emt 00:07:42]} e5 {[%clk 00:12:30]
[%emt 00:02:55]} 24. fxe5 {[%clk 00:18:21] [%emt 00:00:31]} fxe5 {[%clk
00:12:59] [%emt 00:00:01]} 25. Rxf8+ {[%clk 00:18:43] [%emt 00:00:08]} Rxf8
{[%clk 00:13:26] [%emt 00:00:03]} 26. Bxe5 {[%clk 00:18:57] [%emt 00:00:16]} Ne3
{[%clk 00:11:00] [%emt 00:02:55]} 27. Qe4 {[%clk 00:19:10] [%emt 00:00:16]} Qe2
{[%clk 00:06:00] [%emt 00:05:31]} 28. Rh1 {[%clk 00:18:17] [%emt 00:01:22]} Re8
{[%clk 00:06:15] [%emt 00:00:15]} 29. Kb1 {[%clk 00:18:14] [%emt 00:00:33]} Rxe5
{[%clk 00:05:43] [%emt 00:01:02]} 30. Qxe5 {[%clk 00:18:37] [%emt 00:00:07]}
Qd3+ {[%clk 00:06:02] [%emt 00:00:10]} 31. Ka2 {[%clk 00:18:37] [%emt 00:00:30]}
Qb3+ {[%clk 00:06:25] [%emt 00:00:07]} 32. Kb1 {[%clk 00:18:58] [%emt 00:00:10]}
Qd3+ {[%clk 00:06:44] [%emt 00:00:10]} 1/2-1/2

[Site "Europe Echecs"]

[Event "Grand Swiss "]
[Date "2025.09.06"]
[White "Wojtaszek, Radoslaw"]
[Black "Dardha, Daniel"]
[WhiteElo "2661"]
[BlackElo "2624"]
[Round "3.3.46"]
[Result "1/2-1/2"]

1. Nf3 {[%clk 01:40:57] [%emt 00:00:01]} Nf6 {[%clk 01:40:15] [%emt 00:00:46]}
2. g3 {[%clk 01:41:22] [%emt 00:00:06]} d5 {[%clk 01:37:48] [%emt 00:02:58]} 3.
Bg2 {[%clk 01:41:40] [%emt 00:00:10]} c5 {[%clk 01:38:05] [%emt 00:00:14]} 4.
O-O {[%clk 01:41:58] [%emt 00:00:12]} e6 {[%clk 01:37:37] [%emt 00:00:58]} 5. d4
{[%clk 01:40:55] [%emt 00:01:32]} cxd4 {[%clk 01:37:58] [%emt 00:00:09]} 6. Nxd4
{[%clk 01:41:19] [%emt 00:00:07]} e5 {[%clk 01:37:40] [%emt 00:00:48]} 7. Nb3
{[%clk 01:39:36] [%emt 00:02:11]} Be6 {[%clk 01:35:55] [%emt 00:02:16]} 8. c4
{[%clk 01:37:05] [%emt 00:03:02]} Nc6 {[%clk 01:35:56] [%emt 00:00:28]} 9. cxd5
{[%clk 01:37:21] [%emt 00:00:14]} Nxd5 {[%clk 01:35:44] [%emt 00:00:42]} 10.
N1d2 {[%clk 01:37:35] [%emt 00:00:15]} Be7 {[%clk 01:35:07] [%emt 00:01:08]} 11.
Ne4 {[%clk 01:37:19] [%emt 00:00:46]} b6 {[%clk 01:33:47] [%emt 00:01:51]} 12.
Nc3 {[%clk 01:37:06] [%emt 00:00:42]} Ndb4 {[%clk 01:33:22] [%emt 00:00:55]} 13.
a3 {[%clk 01:35:49] [%emt 00:01:46]} Qxd1 {[%clk 01:30:01] [%emt 00:03:51]} 14.
Rxd1 {[%clk 01:36:09] [%emt 00:00:10]} Bxb3 {[%clk 01:27:30] [%emt 00:03:02]}
15. axb4 {[%clk 01:35:56] [%emt 00:00:42]} Rc8 {[%clk 01:27:48] [%emt 00:00:12]}
16. Bxc6+ {[%clk 01:31:45] [%emt 00:04:42]} Rxc6 {[%clk 01:28:12] [%emt
00:00:06]} 17. Rd3 {[%clk 01:32:11] [%emt 00:00:03]} Bxb4 {[%clk 01:25:47] [%emt
00:02:55]} 18. Rxa7 {[%clk 01:32:31] [%emt 00:00:10]} O-O {[%clk 01:26:02] [%emt
00:00:14]} 19. Be3 {[%clk 01:32:55] [%emt 00:00:07]} Bxc3 {[%clk 01:24:27] [%emt
00:02:05]} 20. Rxc3 {[%clk 01:31:34] [%emt 00:01:50]} Rxc3 {[%clk 01:24:51]
[%emt 00:00:06]} 21. bxc3 {[%clk 01:32:01] [%emt 00:00:03]} b5 {[%clk 01:25:12]
[%emt 00:00:09]} 22. f3 {[%clk 01:27:28] [%emt 00:05:03]} f6 {[%clk 01:23:48]
[%emt 00:01:54]} 23. Kf2 {[%clk 01:27:53] [%emt 00:00:05]} h5 {[%clk 01:23:09]
[%emt 00:01:10]} 24. h4 {[%clk 01:28:07] [%emt 00:00:15]} Rf7 {[%clk 01:23:19]
[%emt 00:00:20]} 25. Rxf7 {[%clk 01:28:28] [%emt 00:00:09]} Kxf7 {[%clk
01:23:45] [%emt 00:00:04]} 26. Bc5 {[%clk 01:28:51] [%emt 00:00:06]} Bc4 {[%clk
01:24:10] [%emt 00:00:06]} 27. Bb4 {[%clk 01:29:18] [%emt 00:00:03]} Bb3 {[%clk
01:24:36] [%emt 00:00:05]} 28. e4 {[%clk 01:29:44] [%emt 00:00:03]} Bc4 {[%clk
01:25:02] [%emt 00:00:05]} 29. Ke3 {[%clk 01:30:10] [%emt 00:00:03]} Ke6 {[%clk
01:25:28] [%emt 00:00:05]} 30. Ba3 {[%clk 01:30:37] [%emt 00:00:02]} Bb3 {[%clk
01:25:53] [%emt 00:00:05]} 1/2-1/2

[Site "Europe Echecs"]

[Event "Grand Swiss "]
[Date "2025.09.06"]
[White "Korobov, Anton"]
[Black "Grischuk, Alexander"]
[WhiteElo "2616"]
[BlackElo "2657"]
[Round "3.3.47"]
[Result "1/2-1/2"]

1. d4 {[%clk 01:40:57] [%emt 00:00:02]} Nf6 {[%clk 01:40:50] [%emt 00:00:11]} 2.
c4 {[%clk 01:41:18] [%emt 00:00:08]} g6 {[%clk 01:41:11] [%emt 00:00:09]} 3. g3
{[%clk 01:41:22] [%emt 00:00:25]} c5 {[%clk 01:41:02] [%emt 00:00:39]} 4. Nf3
{[%clk 01:40:34] [%emt 00:01:18]} Bg7 {[%clk 01:35:34] [%emt 00:05:58]} 5. Bg2
{[%clk 01:40:24] [%emt 00:00:40]} cxd4 {[%clk 01:34:59] [%emt 00:01:06]} 6. Nxd4
{[%clk 01:37:56] [%emt 00:02:58]} O-O {[%clk 01:29:48] [%emt 00:05:41]} 7. O-O
{[%clk 01:35:39] [%emt 00:02:46]} d5 {[%clk 01:27:08] [%emt 00:03:13]} 8. cxd5
{[%clk 01:34:05] [%emt 00:02:03]} Nxd5 {[%clk 01:26:44] [%emt 00:00:54]} 9. Nc3
{[%clk 01:33:50] [%emt 00:00:45]} Nxc3 {[%clk 01:25:48] [%emt 00:01:27]} 10.
bxc3 {[%clk 01:33:24] [%emt 00:00:56]} Nc6 {[%clk 01:24:13] [%emt 00:02:05]} 11.
Nxc6 {[%clk 01:28:26] [%emt 00:05:27]} bxc6 {[%clk 01:23:06] [%emt 00:01:37]}
12. Be3 {[%clk 01:28:37] [%emt 00:00:19]} Qa5 {[%clk 01:01:00] [%emt 00:22:37]}
13. Bxc6 {[%clk 01:26:39] [%emt 00:02:28]} Rb8 {[%clk 00:59:18] [%emt 00:02:11]}
14. Qa4 {[%clk 01:13:47] [%emt 00:13:22]} Qxa4 {[%clk 00:48:07] [%emt 00:11:41]}
15. Bxa4 {[%clk 01:13:54] [%emt 00:00:23]} Bg4 {[%clk 00:39:50] [%emt 00:08:47]}
16. f3 {[%clk 01:06:36] [%emt 00:07:48]} Be6 {[%clk 00:36:40] [%emt 00:03:40]}
17. Bb3 {[%clk 00:58:26] [%emt 00:08:40]} Bxb3 {[%clk 00:29:02] [%emt 00:08:08]}
18. axb3 {[%clk 00:57:57] [%emt 00:00:59]} Rxb3 {[%clk 00:29:29] [%emt
00:00:04]} 19. Rxa7 {[%clk 00:57:45] [%emt 00:00:42]} Rxc3 {[%clk 00:28:52]
[%emt 00:01:07]} 20. Kf2 {[%clk 00:58:08] [%emt 00:00:06]} Bf6 {[%clk 00:28:59]
[%emt 00:00:25]} 21. Rd1 {[%clk 00:58:20] [%emt 00:00:17]} h5 {[%clk 00:29:11]
[%emt 00:00:18]} 22. h4 {[%clk 00:57:55] [%emt 00:00:55]} Rcc8 {[%clk 00:27:52]
[%emt 00:01:49]} 23. Bg5 {[%clk 00:55:35] [%emt 00:02:47]} Rfd8 {[%clk 00:28:09]
[%emt 00:00:16]} 24. Rxd8+ {[%clk 00:55:56] [%emt 00:00:08]} Rxd8 {[%clk
00:28:37] [%emt 00:00:02]} 25. Bxf6 {[%clk 00:56:16] [%emt 00:00:09]} exf6
{[%clk 00:29:05] [%emt 00:00:02]} 26. Rb7 {[%clk 00:56:30] [%emt 00:00:17]} f5
{[%clk 00:29:30] [%emt 00:00:05]} 27. Ra7 {[%clk 00:56:53] [%emt 00:00:07]} Kg7
{[%clk 00:29:56] [%emt 00:00:04]} 28. Rb7 {[%clk 00:57:17] [%emt 00:00:06]} Kg8
{[%clk 00:30:24] [%emt 00:00:03]} 29. Ra7 {[%clk 00:57:40] [%emt 00:00:08]} Kg7
{[%clk 00:30:51] [%emt 00:00:03]} 30. Rb7 {[%clk 00:58:03] [%emt 00:00:07]} Kg8
{[%clk 00:31:19] [%emt 00:00:02]} 31. Ra7 {[%clk 00:58:27] [%emt 00:00:06]}
1/2-1/2

[Site "Europe Echecs"]

[Event "Grand Swiss "]
[Date "2025.09.06"]
[White "Saric, Ivan"]
[Black "Donchenko, Alexander"]
[WhiteElo "2655"]
[BlackElo "2624"]
[Round "3.3.48"]
[Result "1/2-1/2"]

1. e4 {[%clk 01:40:58]} c6 {[%clk 01:40:54] [%emt 00:00:07]} 2. d4 {[%clk
01:41:20] [%emt 00:00:09]} d5 {[%clk 01:41:18] [%emt 00:00:06]} 3. e5 {[%clk
01:41:46] [%emt 00:00:04]} c5 {[%clk 01:41:33] [%emt 00:00:14]} 4. Nf3 {[%clk
01:41:16] [%emt 00:01:00]} cxd4 {[%clk 01:41:46] [%emt 00:00:18]} 5. Nxd4 {[%clk
01:39:02] [%emt 00:02:44]} Nc6 {[%clk 01:42:01] [%emt 00:00:14]} 6. Bb5 {[%clk
01:38:35] [%emt 00:00:57]} Bd7 {[%clk 01:41:29] [%emt 00:01:01]} 7. Nxc6 {[%clk
01:38:59] [%emt 00:00:07]} Bxc6 {[%clk 01:41:53] [%emt 00:00:05]} 8. Bd3 {[%clk
01:39:22] [%emt 00:00:07]} d4 {[%clk 01:39:27] [%emt 00:02:57]} 9. Nd2 {[%clk
01:37:05] [%emt 00:02:47]} Bxg2 {[%clk 01:26:24] [%emt 00:13:33]} 10. f3 {[%clk
01:19:53] [%emt 00:17:42]} a6 {[%clk 01:09:32] [%emt 00:17:22]} 11. Rg1 {[%clk
01:19:49] [%emt 00:00:34]} Bh3 {[%clk 01:09:41] [%emt 00:00:21]} 12. f4 {[%clk
01:18:31] [%emt 00:01:48]} Bd7 {[%clk 01:02:08] [%emt 00:08:03]} 13. Qh5 {[%clk
01:03:53] [%emt 00:15:08]} Nh6 {[%clk 00:53:45] [%emt 00:08:54]} 14. Ne4 {[%clk
00:56:57] [%emt 00:07:27]} g6 {[%clk 00:51:07] [%emt 00:03:08]} 15. Qe2 {[%clk
00:54:14] [%emt 00:03:12]} Qb6 {[%clk 00:48:21] [%emt 00:03:16]} 16. Bd2 {[%clk
00:44:49] [%emt 00:09:55]} Nf5 {[%clk 00:45:12] [%emt 00:03:38]} 17. O-O-O
{[%clk 00:44:24] [%emt 00:00:56]} Bh6 {[%clk 00:43:47] [%emt 00:01:53]} 18. Kb1
{[%clk 00:38:56] [%emt 00:06:00]} Bb5 {[%clk 00:35:10] [%emt 00:09:08]} 19. Ng3
{[%clk 00:36:02] [%emt 00:03:23]} Bxd3 {[%clk 00:30:25] [%emt 00:05:14]} 20.
Qxd3 {[%clk 00:36:07] [%emt 00:00:26]} e6 {[%clk 00:30:20] [%emt 00:00:35]} 21.
Nxf5 {[%clk 00:35:30] [%emt 00:01:07]} exf5 {[%clk 00:29:57] [%emt 00:00:53]}
22. Bc1 {[%clk 00:27:28] [%emt 00:08:32]} Rd8 {[%clk 00:27:01] [%emt 00:03:26]}
23. h4 {[%clk 00:25:03] [%emt 00:02:56]} Bf8 {[%clk 00:25:38] [%emt 00:01:53]}
24. h5 {[%clk 00:25:14] [%emt 00:00:18]} Be7 {[%clk 00:19:48] [%emt 00:06:19]}
25. Qh3 {[%clk 00:24:51] [%emt 00:00:53]} Rd7 {[%clk 00:17:26] [%emt 00:02:52]}
26. Rg3 {[%clk 00:24:00] [%emt 00:01:21]} Qc6 {[%clk 00:15:18] [%emt 00:02:39]}
27. Rgd3 {[%clk 00:20:45] [%emt 00:03:45]} Bc5 {[%clk 00:11:56] [%emt 00:03:51]}
28. a3 {[%clk 00:19:47] [%emt 00:01:28]} O-O {[%clk 00:11:13] [%emt 00:01:13]}
29. Rg1 {[%clk 00:16:00] [%emt 00:04:16]} Qe6 {[%clk 00:10:18] [%emt 00:01:25]}
30. Bd2 {[%clk 00:16:08] [%emt 00:00:22]} Rc8 {[%clk 00:09:59] [%emt 00:00:49]}
31. Be1 {[%clk 00:15:52] [%emt 00:00:46]} Be7 {[%clk 00:08:20] [%emt 00:02:09]}
32. Bh4 {[%clk 00:12:52] [%emt 00:03:30]} Qc6 {[%clk 00:07:11] [%emt 00:01:39]}
33. Bxe7 {[%clk 00:09:33] [%emt 00:03:48]} Qxc2+ {[%clk 00:05:50] [%emt
00:01:52]} 34. Ka1 {[%clk 00:08:45] [%emt 00:01:18]} Rxe7 {[%clk 00:05:56] [%emt
00:00:24]} 35. Rxd4 {[%clk 00:06:57] [%emt 00:02:18]} Qf2 {[%clk 00:02:14] [%emt
00:04:11]} 36. Rgd1 {[%clk 00:06:54] [%emt 00:00:32]} Rf8 {[%clk 00:02:36] [%emt
00:00:09]} 37. hxg6 {[%clk 00:03:45] [%emt 00:03:39]} fxg6 {[%clk 00:03:04]
[%emt 00:00:01]} 38. Rd7 {[%clk 00:04:05] [%emt 00:00:09]} Qc2 {[%clk 00:02:43]
[%emt 00:00:51]} 39. Qh1 {[%clk 00:03:58] [%emt 00:00:37]} Rfe8 {[%clk 00:01:07]
[%emt 00:02:07]} 40. Qd5+ {[%clk 00:02:00] [%emt 00:02:28]} Kf8 {[%clk 00:00:34]
[%emt 00:01:03]} 41. Rxe7 {[%clk 00:26:05] [%emt 00:26:25]} Rxe7 {[%clk
00:50:45] [%emt 00:00:19]} 42. Qd8+ {[%clk 00:25:26] [%emt 00:01:09]} Re8 {[%clk
00:51:09] [%emt 00:00:06]} 43. Qd6+ {[%clk 00:16:29] [%emt 00:09:27]} Kg8 {[%clk
00:50:22] [%emt 00:01:17]} 44. Qd5+ {[%clk 00:16:08] [%emt 00:00:52]} Kf8 {[%clk
00:49:58] [%emt 00:00:54]} 45. Qd6+ {[%clk 00:13:11] [%emt 00:03:27]} Kg8 {[%clk
00:50:13] [%emt 00:00:15]} 46. Qd5+ {[%clk 00:13:24] [%emt 00:00:17]} Kf8 {[%clk
00:50:37] [%emt 00:00:06]} 47. Qd6+ {[%clk 00:13:20] [%emt 00:00:35]} 1/2-1/2

[Site "Europe Echecs"]

[Event "Grand Swiss "]
[Date "2025.09.06"]
[White "Daneshvar, Bardiya"]
[Black "Bjerre, Jonas Buhl"]
[WhiteElo "2598"]
[BlackElo "2651"]
[Round "3.3.49"]
[Result "1/2-1/2"]

1. d4 {[%clk 01:40:57] [%emt 00:00:02]} Nf6 {[%clk 01:40:52] [%emt 00:00:07]} 2.
Nf3 {[%clk 01:41:25] [%emt 00:00:03]} e6 {[%clk 01:40:49] [%emt 00:00:33]} 3. g3
{[%clk 01:41:43] [%emt 00:00:12]} d5 {[%clk 01:39:59] [%emt 00:01:20]} 4. Bg2
{[%clk 01:41:34] [%emt 00:00:40]} Bd6 {[%clk 01:39:12] [%emt 00:01:16]} 5. O-O
{[%clk 01:39:59] [%emt 00:02:06]} O-O {[%clk 01:39:21] [%emt 00:00:20]} 6. c4
{[%clk 01:40:20] [%emt 00:00:09]} c6 {[%clk 01:38:40] [%emt 00:01:11]} 7. b3
{[%clk 01:35:55] [%emt 00:04:55]} Nbd7 {[%clk 01:38:51] [%emt 00:00:18]} 8. Bb2
{[%clk 01:35:12] [%emt 00:01:14]} a5 {[%clk 01:38:35] [%emt 00:00:46]} 9. Nc3
{[%clk 01:34:41] [%emt 00:01:02]} Ne4 {[%clk 01:37:15] [%emt 00:01:49]} 10. a4
{[%clk 01:29:57] [%emt 00:05:15]} f5 {[%clk 01:32:33] [%emt 00:05:11]} 11. e3
{[%clk 01:29:49] [%emt 00:00:37]} b6 {[%clk 01:21:09] [%emt 00:11:55]} 12. cxd5
{[%clk 01:27:46] [%emt 00:02:33]} Nxc3 {[%clk 01:13:13] [%emt 00:08:26]} 13.
Bxc3 {[%clk 01:28:09] [%emt 00:00:08]} cxd5 {[%clk 01:13:27] [%emt 00:00:16]}
14. Qb1 {[%clk 01:27:19] [%emt 00:01:20]} Ba6 {[%clk 01:08:30] [%emt 00:05:26]}
15. Rc1 {[%clk 01:27:43] [%emt 00:00:06]} Qe7 {[%clk 01:03:30] [%emt 00:05:30]}
16. Bf1 {[%clk 01:26:52] [%emt 00:01:21]} Bxf1 {[%clk 00:57:29] [%emt 00:06:31]}
17. Kxf1 {[%clk 01:25:54] [%emt 00:01:28]} Nf6 {[%clk 00:52:39] [%emt 00:05:20]}
18. Qd3 {[%clk 01:24:19] [%emt 00:02:05]} Ne4 {[%clk 00:49:01] [%emt 00:04:09]}
19. Be1 {[%clk 01:20:25] [%emt 00:04:24]} Qe8 {[%clk 00:47:40] [%emt 00:01:50]}
20. Kg2 {[%clk 01:15:29] [%emt 00:05:26]} g5 {[%clk 00:43:52] [%emt 00:04:18]}
21. Nd2 {[%clk 01:13:08] [%emt 00:02:51]} Bb4 {[%clk 00:36:35] [%emt 00:07:47]}
22. f3 {[%clk 01:08:00] [%emt 00:05:38]} Bxd2 {[%clk 00:34:46] [%emt 00:02:19]}
23. Bxd2 {[%clk 01:07:33] [%emt 00:00:58]} Qh5 {[%clk 00:33:03] [%emt 00:02:13]}
24. Be1 {[%clk 00:57:38] [%emt 00:10:25]} Rf6 {[%clk 00:17:51] [%emt 00:15:42]}
25. Qe2 {[%clk 00:56:05] [%emt 00:02:02]} Raf8 {[%clk 00:15:40] [%emt 00:02:41]}
26. Ra2 {[%clk 00:48:08] [%emt 00:08:28]} f4 {[%clk 00:14:30] [%emt 00:01:40]}
27. g4 {[%clk 00:44:41] [%emt 00:03:57]} Qxg4+ {[%clk 00:11:40] [%emt 00:03:19]}
28. fxg4 {[%clk 00:43:50] [%emt 00:01:21]} f3+ {[%clk 00:12:06] [%emt 00:00:04]}
29. Qxf3 {[%clk 00:44:13] [%emt 00:00:07]} Rxf3 {[%clk 00:12:33] [%emt
00:00:03]} 30. Re2 {[%clk 00:44:42] [%emt 00:00:01]} R3f6 {[%clk 00:12:07] [%emt
00:00:57]} 31. Rc6 {[%clk 00:43:10] [%emt 00:02:02]} e5 {[%clk 00:10:44] [%emt
00:01:52]} 32. Rxf6 {[%clk 00:43:36] [%emt 00:00:04]} Rxf6 {[%clk 00:10:57]
[%emt 00:00:17]} 33. dxe5 {[%clk 00:39:40] [%emt 00:04:27]} Rc6 {[%clk 00:08:33]
[%emt 00:02:54]} 34. h4 {[%clk 00:39:59] [%emt 00:00:10]} gxh4 {[%clk 00:05:12]
[%emt 00:03:51]} 35. Bxh4 {[%clk 00:38:37] [%emt 00:01:52]} Kf7 {[%clk 00:05:36]
[%emt 00:00:06]} 36. Kf3 {[%clk 00:34:55] [%emt 00:04:12]} Rh6 {[%clk 00:02:04]
[%emt 00:04:02]} 37. Rh2 {[%clk 00:30:04] [%emt 00:05:21]} Ke6 {[%clk 00:01:27]
[%emt 00:01:07]} 38. Rh1 {[%clk 00:30:10] [%emt 00:00:24]} Nc5 {[%clk 00:00:35]
[%emt 00:01:23]} 39. g5 {[%clk 00:30:15] [%emt 00:00:24]} Rg6 {[%clk 00:01:01]
[%emt 00:00:04]} 40. Kg4 {[%clk 00:27:49] [%emt 00:02:57]} Ne4 {[%clk 00:00:36]
[%emt 00:00:55]} 41. Rc1 {[%clk 00:21:44] [%emt 00:06:34]} Kxe5 {[%clk 00:47:38]
[%emt 00:03:28]} 42. Kh5 {[%clk 01:11:07] [%emt 00:01:07]} Nc5 {[%clk 00:45:17]
[%emt 00:02:52]} 43. Rf1 {[%clk 01:11:01] [%emt 00:00:36]} Ne6 {[%clk 00:43:18]
[%emt 00:02:29]} 44. Rf7 {[%clk 01:09:38] [%emt 00:01:53]} Ng7 {[%clk 00:36:10]
[%emt 00:07:37]} 45. Kg4 {[%clk 01:10:02] [%emt 00:00:06]} h5+ {[%clk 00:34:46]
[%emt 00:01:54]} 46. Kf3 {[%clk 01:10:04] [%emt 00:00:28]} Nf5 {[%clk 00:34:20]
[%emt 00:00:56]} 47. Be1 {[%clk 01:06:48] [%emt 00:03:46]} Rxg5 {[%clk 00:33:31]
[%emt 00:01:20]} 48. Rb7 {[%clk 01:07:11] [%emt 00:00:07]} Rg6 {[%clk 00:22:49]
[%emt 00:11:11]} 49. Bc3+ {[%clk 01:04:02] [%emt 00:03:39]} d4 {[%clk 00:21:19]
[%emt 00:02:00]} 50. exd4+ {[%clk 01:04:29] [%emt 00:00:04]} Kd5 {[%clk
00:20:44] [%emt 00:01:05]} 51. Kf4 {[%clk 01:02:31] [%emt 00:02:27]} Nd6 {[%clk
00:18:56] [%emt 00:02:19]} 52. Rh7 {[%clk 01:01:16] [%emt 00:01:44]} Rg4+ {[%clk
00:17:03] [%emt 00:02:23]} 53. Kf3 {[%clk 01:01:33] [%emt 00:00:14]} Rh4 {[%clk
00:15:52] [%emt 00:01:41]} 54. Kg2 {[%clk 01:00:52] [%emt 00:01:10]} Nf5 {[%clk
00:14:58] [%emt 00:01:24]} 55. Be1 {[%clk 00:59:41] [%emt 00:01:41]} Ne3+ {[%clk
00:10:46] [%emt 00:04:43]} 56. Kg1 {[%clk 00:58:44] [%emt 00:01:27]} Rg4+ {[%clk
00:08:24] [%emt 00:02:52]} 57. Kh1 {[%clk 00:57:14] [%emt 00:01:59]} Kxd4 {[%clk
00:05:43] [%emt 00:03:11]} 58. Rxh5 {[%clk 00:54:58] [%emt 00:02:45]} Kd3 {[%clk
00:05:31] [%emt 00:00:43]} 59. Rh2 {[%clk 00:52:26] [%emt 00:03:01]} Nf1 {[%clk
00:03:44] [%emt 00:02:18]} 60. Rg2 {[%clk 00:49:52] [%emt 00:03:04]} Re4 {[%clk
00:01:14] [%emt 00:02:59]} 61. Bf2 {[%clk 00:50:04] [%emt 00:00:19]} Re6 {[%clk
00:14:55] [%emt 00:01:50]} 62. Rg5 {[%clk 00:59:48] [%emt 00:05:45]} Ke2 {[%clk
00:14:03] [%emt 00:01:22]} 63. Kg2 {[%clk 00:53:13] [%emt 00:07:06]} Nd2 {[%clk
00:13:41] [%emt 00:00:51]} 64. Bxb6 {[%clk 00:52:34] [%emt 00:01:09]} Rxb6
{[%clk 00:13:13] [%emt 00:00:58]} 65. Re5+ {[%clk 00:52:26] [%emt 00:00:38]} Kd3
{[%clk 00:13:30] [%emt 00:00:13]} 66. Rxa5 {[%clk 00:52:48] [%emt 00:00:09]} Ke3
{[%clk 00:13:21] [%emt 00:00:38]} 67. Rg5 {[%clk 00:51:56] [%emt 00:01:22]} Ne4
{[%clk 00:13:41] [%emt 00:00:10]} 68. Rg7 {[%clk 00:52:13] [%emt 00:00:13]} Rxb3
{[%clk 00:13:29] [%emt 00:00:42]} 69. a5 {[%clk 00:51:38] [%emt 00:01:06]} Rb2+
{[%clk 00:12:05] [%emt 00:01:53]} 70. Kh3 {[%clk 00:51:36] [%emt 00:00:32]} Ra2
{[%clk 00:11:40] [%emt 00:00:55]} 71. a6 {[%clk 00:51:47] [%emt 00:00:19]} Rxa6
{[%clk 00:11:50] [%emt 00:00:20]} 72. Kg2 {[%clk 00:51:03] [%emt 00:01:15]} Rf6
{[%clk 00:11:26] [%emt 00:00:53]} 73. Rg8 {[%clk 00:50:37] [%emt 00:00:56]} Rf2+
{[%clk 00:11:39] [%emt 00:00:17]} 74. Kh3 {[%clk 00:50:41] [%emt 00:00:26]} Rf4
{[%clk 00:11:42] [%emt 00:00:27]} 75. Kg2 {[%clk 00:50:53] [%emt 00:00:19]} Nf6
{[%clk 00:12:00] [%emt 00:00:11]} 76. Rg3+ {[%clk 00:49:51] [%emt 00:01:32]} Ke2
{[%clk 00:12:25] [%emt 00:00:04]} 77. Ra3 {[%clk 00:50:17] [%emt 00:00:05]} Ne4
{[%clk 00:12:11] [%emt 00:00:45]} 78. Ra2+ {[%clk 00:50:42] [%emt 00:00:05]} Nd2
{[%clk 00:12:32] [%emt 00:00:08]} 79. Ra8 {[%clk 00:50:42] [%emt 00:00:30]} Rg4
{[%clk 00:12:35] [%emt 00:00:27]} 80. Kh3 {[%clk 00:51:05] [%emt 00:00:07]} Rg5
{[%clk 00:12:33] [%emt 00:00:31]} 81. Rf8 {[%clk 00:49:37] [%emt 00:01:59]} Nf3
{[%clk 00:12:55] [%emt 00:00:08]} 82. Ra8 {[%clk 00:50:05] [%emt 00:00:02]} Kf2
{[%clk 00:12:52] [%emt 00:00:33]} 83. Ra2+ {[%clk 00:50:29] [%emt 00:00:06]} Ke3
{[%clk 00:13:17] [%emt 00:00:05]} 84. Ra3+ {[%clk 00:50:23] [%emt 00:00:37]} Ke4
{[%clk 00:13:38] [%emt 00:00:08]} 85. Re3+ {[%clk 00:50:19] [%emt 00:00:34]} Kf4
{[%clk 00:13:59] [%emt 00:00:09]} 86. Re4+ {[%clk 00:50:46] [%emt 00:00:03]} Kf5
{[%clk 00:14:17] [%emt 00:00:12]} 87. Rf4+ {[%clk 00:51:09] [%emt 00:00:07]}
Kxf4 {[%clk 00:14:43] [%emt 00:00:04]} 1/2-1/2

[Site "Europe Echecs"]